Album de Vald - PANDEMONIUM - Statistiques

Statistiques générales
  • Ce quiz a été pris 143 fois
  • Le résultat moyen est 13 sur 17
Statistiques - réponses
Hint Réponse % Correct
1 DIEU MERCI
92%
4 PANDEMONIUM
88%
2 REGULATION
88%
6 GAUCHE DROITE
82%
7 ROCHE NOIRE
81%
3 LETHARGIE
78%
13 PROZACZOPIXAN
78%
8 DARKNET
77%
12 SUPERMAN
77%
15 93 MILLIARDS
75%
17 PARADIS PERDU
75%
9 FUMEE
74%
14 interlude
74%
16 LES ECHAPPES
71%
5 FLPVCOF
70%
11 UFOV
68%
10 QUE DES PROBLEMES
65%
Aucun quiz correspondant
Distribution des résultats
% des personnes avec chaque résultat
Percentile par nombre de réponses
Votre historique - résultats
Vous n’avez pas pris ce quiz